000 01100cam a2200349ua 4500
001 120801
005 20230411085948.0
008 111220s2012 enkack b 001 0 eng d
020 _a9780273756200 (pbk.)
020 _a0273756206 (pbk.)
035 _a(CaOOAMICUS)000043128994
040 _aCaOTSC
_beng
082 0 0 _aHG 4026
_bH149f 2012
082 0 0 _a658.15
100 1 _aHaigh, Jo.
245 1 4 _aThe Financial Times guide to finance for non-financial managers /
_cJo Haigh.
246 3 _aFinance for non-financial managers
260 _aHarlow ;
_aNew York, NY :
_bPearson,
_c2012.
300 _axx, 267 p. :
_bill., port., forms ;
_c24 cm.
490 1 _aFinancial Times guides
504 _aIncludes bibliographical references and index.
650 0 _aCorporations
_xFinance.
650 0 _aBusiness enterprises
_xFinance.
650 4 _aEmpresas
_xFinanzas.
650 4 _aCorporaciones
_xFinanzas.
650 4 _a20150900
710 2 _aFinancial Times Business Information Ltd.
830 0 _aFinancial times guides.
942 _2lcc
_cbk
946 _aJaaM
999 _c110063
_d110063